Les Champions Initiaux de League Of Legends (LOL) - Statistiques

Statistiques générales
  • Ce quiz a été pris 118 fois
  • Le résultat moyen est 6 sur 17
Statistiques - réponses
Classe Champions % Correct
Tireur Ashe
67%
Mage Ryze
54%
Tank Alistar
53%
Mage Annie
50%
Tank Sion
42%
Tireur Sivir
38%
Tireur Teemo
33%
Tireur Tristana
33%
Assassin Maître Yi
31%
Combattant Warwick
30%
Support Soraka
28%
Mage Morgana
23%
Combattant Kayle
22%
Combattant Jax
21%
Mage Twisted Fate
19%
Tank Nunu et Willump
17%
Mage Fiddlesticks
13%
Aucun quiz correspondant
Distribution des résultats
% des personnes avec chaque résultat
Percentile par nombre de réponses
Votre historique - résultats
Vous n’avez pas pris ce quiz